00742cam a22002177a 4500020001800000020001500018082001200033100002100045245004200066250001200108260005700120300002400177490005600201650001400257650001500271650001200286700002200298856006800320856006800388856006800456 a9780495114796 a0495114790 a540 WEI1 aWeiner, Susan A.10aIntroduction to chemical principles : a7th ed. aBelmont, CA :bBrooks/Cole Cengage Learning,cc2010. av, 472 p. :bill. ;1 aBrooks/Cole laboratory series for general chemistry 0aChemistry07aPraktikum.07aChemie.1 aHarrison, Blaine.42uhttp://www.loc.gov/catdir/enhancements/fy1212/2008942438-d.html41uhttp://www.loc.gov/catdir/enhancements/fy1212/2008942438-t.html42uhttp://www.loc.gov/catdir/enhancements/fy1303/2008942438-b.html